Statistiques concernant Champion du monde U20 de rugby

Cliquez ici pour prendre le quiz!

Statistiques générales

  • Ce quiz a été pris 54 fois
  • Le résultat moyen est 11 sur 12

Statistiques - réponses

Année Nations % Correct
2008Nouvelle-Zélande
98%
2019France
98%
2009Nouvelle-Zélande
95%
2010Nouvelle-Zélande
95%
2013Angleterre
95%
2014Angleterre
95%
2017Nouvelle-Zélande
95%
2018France
95%
2011Nouvelle-Zélande
93%
2012Afrique du Sud
93%
2015Nouvelle-Zélande
93%
2016Angleterre
93%

Distribution des résultats

Percentile par nombre de réponses

% des personnes avec chaque résultat

Votre développement - résultats

Vous n’avez pas pris ce quiz